LELAKI PERLU DIFAHAMI UNTUK DICINTAI / (Record no. 186944)
[ view plain ]
| 000 -LEADER | |
|---|---|
| fixed length control field | 00905nam a2200301 i 4500 |
| 001 - CONTROL NUMBER | |
| control field | vtls000934115 |
| 003 - CONTROL NUMBER IDENTIFIER | |
| control field | PNM |
| 005 - DATE AND TIME OF LATEST TRANSACTION | |
| control field | 20220109115619.0 |
| 008 - FIXED-LENGTH DATA ELEMENTS--GENERAL INFORMATION | |
| fixed length control field | 210706s2021 my er 000 0 may |
| 015 ## - NATIONAL BIBLIOGRAPHY NUMBER | |
| National bibliography number | M21-06404 |
| 020 ## - INTERNATIONAL STANDARD BOOK NUMBER | |
| International Standard Book Number | 9789672496595 |
| Qualifying information | paperback |
| Terms of availability | RM20.00 |
| 039 #9 - LEVEL OF BIBLIOGRAPHIC CONTROL AND CODING DETAIL [OBSOLETE] | |
| Level of rules in bibliographic description | 202109231249 |
| Level of effort used to assign nonsubject heading access points | nor_afizah |
| Level of effort used to assign subject headings | 202108301115 |
| Level of effort used to assign classification | dayang |
| Level of effort used to assign subject headings | 202108131110 |
| Level of effort used to assign classification | rasidah |
| 040 ## - CATALOGING SOURCE | |
| Original cataloging agency | BNM |
| Language of cataloging | eng |
| Transcribing agency | BNM |
| Description conventions | rda |
| Modifying agency | PPAK |
| 049 ## - LOCAL HOLDINGS (OCLC) | |
| Holding library | mal |
| 082 04 - DEWEY DECIMAL CLASSIFICATION NUMBER | |
| Classification number | 152.41 |
| Edition number | 23 |
| 090 00 - LOCALLY ASSIGNED LC-TYPE CALL NUMBER (OCLC); LOCAL CALL NUMBER (RLIN) | |
| Classification number (OCLC) (R) ; Classification number, CALL (RLIN) (NR) | 152.41 |
| Feature heading | AYU |
| Feature heading | G |
| 100 0# - MAIN ENTRY--PERSONAL NAME | |
| Personal name | Ayu Rosli, |
| Titles and words associated with a name | Dr., |
| Dates associated with a name | 1989- |
| Relator term | author. |
| 245 10 - TITLE STATEMENT | |
| Title | LELAKI PERLU DIFAHAMI UNTUK DICINTAI / |
| Statement of responsibility, etc. | AYU ROSLI. |
| 264 #1 - PRODUCTION, PUBLICATION, DISTRIBUTION, MANUFACTURE, AND COPYRIGHT NOTICE | |
| Place of production, publication, distribution, manufacture | Ayer Keroh, Melaka : |
| Name of producer, publisher, distributor, manufacturer | SYFE MANAGEMENT SDN BHD, |
| Date of production, publication, distribution, manufacture, or copyright notice | 2021 |
| 300 ## - PHYSICAL DESCRIPTION | |
| Extent | x, 131 pages : |
| Dimensions | 21 cm |
| 336 ## - CONTENT TYPE | |
| Content type term | text |
| Source | rdacontent |
| 337 ## - MEDIA TYPE | |
| Media type term | unmediated |
| Source | rdamedia |
| 338 ## - CARRIER TYPE | |
| Carrier type term | volume |
| Source | rdacarrier |
| 650 10 - SUBJECT ADDED ENTRY--TOPICAL TERM | |
| Topical term or geographic name entry element | Love |
| Topical term or geographic name entry element | Man-woman relationships |
| Topical term or geographic name entry element | Mate selection |
| 942 ## - ADDED ENTRY ELEMENTS (KOHA) | |
| Source of classification or shelving scheme | Dewey Decimal Classification |
| Koha item type | Book |
| Withdrawn | Not for loan | Current library | Shelving location | Date acquired | Total Checkouts | Total Renewals | Full call number | Barcode | Date last seen | Date last checked out | Koha item type | Checked out |
|---|---|---|---|---|---|---|---|---|---|---|---|---|
| Perpustakaan Alor Setar | Pinjaman Dewasa | 08/03/2022 | 1 | 1 | 152.41 AYU | A01729532 | 30/04/2023 | 26/03/2023 | Book | |||
| Perpustakaan Awam Sungai Petani | Pinjaman Dewasa | 08/03/2022 | 1 | 1 | 152.41 AYU | A01729533 | 12/11/2022 | 04/10/2022 | Book | |||
| Perpustakaan Baling | Pinjaman Dewasa | 08/03/2022 | 152.41 AYU | A01729537 | 08/03/2022 | Book | ||||||
| Perpustakaan Bandar Baharu | Pinjaman Dewasa | 08/03/2022 | 152.41 AYU | A01729538 | 08/03/2022 | Book | ||||||
| Perpustakaan Jitra | Pinjaman Dewasa | 08/03/2022 | 1 | 152.41 AYU | A01729534 | 17/01/2024 | 17/01/2024 | Book | 07/02/2024 | |||
| Perpustakaan Kuala Nerang | Pinjaman Dewasa | 08/03/2022 | 152.41 AYU | A01729542 | 08/03/2022 | Book | ||||||
| Perpustakaan Kulim | Pinjaman Dewasa | 08/03/2022 | 17 | 5 | 152.41 AYU | A01729536 | 11/10/2025 | 17/09/2025 | Book | |||
| Perpustakaan Langkawi | Pinjaman Dewasa | 08/03/2022 | 152.41 AYU | A01729535 | 08/03/2022 | Book | ||||||
| Perpustakaan Merbok | Pinjaman Dewasa | 08/03/2022 | 152.41 AYU | A01729539 | 08/03/2022 | Book | ||||||
| Perpustakaan Pendang | Pinjaman Dewasa | 08/03/2022 | 152.41 AYU | A01729543 | 08/03/2022 | Book | ||||||
| Perpustakaan Sik | Pinjaman Dewasa | 08/03/2022 | 1 | 2 | 152.41 AYU | A01729541 | 08/07/2024 | 08/07/2024 | Book | 03/04/2025 | ||
| Perpustakaan Yan | Pinjaman Dewasa | 08/03/2022 | 1 | 152.41 AYU | A01729540 | 30/10/2022 | 29/09/2022 | Book | ||||
| T-PD26, Kg. Lubuk Batu, Jitra | Pinjaman Dewasa | 08/03/2022 | 152.41 AYU | A01729544 | 08/03/2022 | Book |